[Event "Catalunya-chT Gp1"]
[Site "Barcelona"]
[Date "2024.02.24"]
[Round "6.2"]
[White "Lazaro Pujol, Abel"]
[Black "Diaz Camallonga, Carles"]
[Result "0-1"]
[WhiteElo "2301"]
[BlackElo "2493"]
[PlyCount "122"]
[EventDate "2024.01.20"]
[EventType "team-tourn"]
[EventRounds "7"]
[EventCountry "ESP"]
[SourceTitle "CB11_2024"]
[SourceDate "2024.03.13"]
[SourceVersion "1"]
[SourceVersionDate "2024.03.13"]
[SourceQuality "1"]
[WhiteTeam "Figueres"]
[BlackTeam "Colon Sabadell"]
[WhiteTeamCountry "ESP"]
[BlackTeamCountry "ESP"]

1. e4 c5 2. Nf3 Nc6 3. d4 cxd4 4. Nxd4 e5 5. Nb5 d6 6. N1c3 a6 7. Na3 Be6 8. Nc4 b5 9. Ne3 Nf6 10. g3 g6 11. Bg2 Bh6 12. 0-0 0-0 13. Ncd5 Bxd5 14. exd5 Ne7 15. a4 Nd7 16. Qe2 Rb8 17. axb5 axb5 18. Bd2 f5 19. Ra7 Nc8 20. Ba5 Ndb6 21. Ra6 Qd7 22. Ra1 Rb7 23. Bd2 Ne7 24. Nc4 bxc4 25. Bxh6 Rfb8 26. h4 Kf7 27. Be3 Ng8 28. Qd2 Nf6 29. Qa5 Nc8 30. Rc6 Rb5 31. Qc3 Rxb2 32. Qxc4 R2b7 33. Rd1 Ne7 34. Ra6 Rc8 35. Qa2 Rbc7 36. Qa3 Ne8 37. Bb6 Rxc2 38. Ra7 Qb5 39. Qe3 Qe2 40. Qxe2 Rxe2 41. Rb1 Rec2 42. Kh2 Nf6 43. Be3 R8c7 44. Rxc7 Rxc7 45. Rb5 Ng4+ 46. Kg1 Nxe3 47. fxe3 e4 48. g4 Kf6 49. Kf2 Ke5 50. gxf5 gxf5 51. Bh3 Rc2+ 52. Kg1 Rd2 53. Rb7 Kf6 54. Rxe7 Kxe7 55. Bxf5 h6 56. Bxe4 Re2 57. Bf3 Rxe3 58. Kf2 Ra3 59. Kg3 Kf6 60. Kf4 Ra4+ 61. Be4 Rb4 0-1

[Event "Titled Tuesday intern op 22nd Aug Late"]
[Site "Chess.com INT"]
[Date "2023.08.22"]
[Round "6"]
[White "Andreikin, Dmitry"]
[Black "Diaz Camallonga, Carles"]
[Result "1-0"]
[WhiteElo "2729"]
[BlackElo "2484"]
[PlyCount "85"]
[EventDate "2023.08.22"]
[EventType "swiss (blitz)"]
[EventRounds "11"]
[EventCountry "USA"]
[SourceTitle "EXT 2024"]
[Source "ChessBase"]
[SourceDate "2023.10.10"]
[SourceVersion "1"]
[SourceVersionDate "2023.10.10"]
[SourceQuality "1"]

1. d4 d5 2. c4 e6 3. Nf3 Nf6 4. Bg5 dxc4 5. e4 c5 6. Nc3 cxd4 7. Qxd4 Qxd4 8. Nxd4 a6 9. Bxc4 b5 10. Be2 Bb7 11. f3 Nbd7 12. Nb3 Rc8 13. Rd1 Bb4 14. Bd2 Ne5 15. 0-0 0-0 16. a3 Be7 17. Bf4 Nc4 18. Bxc4 bxc4 19. Nc1 Rfd8 20. Kf2 Nd7 21. Bd6 Bxd6 22. Rxd6 Nc5 23. Rxd8+ Rxd8 24. Ke3 Kf8 25. Rd1 Rc8 26. Rd6 Ke7 27. Rb6 Bc6 28. Rb4 Bb5 29. a4 Bd7 30. Rxc4 a5 31. Nd3 Nxd3 32. Rxc8 Bxc8 33. Kxd3 Kd6 34. Kc4 Ba6+ 35. Nb5+ Kc6 36. e5 Kb6 37. b4 Bxb5+ 38. axb5 a4 39. f4 f6 40. f5 exf5 41. e6 a3 42. Kb3 Kc7 43. b6+ 1-0

[Event "Titled Tuesday intern op 22nd Aug Late"]
[Site "Chess.com INT"]
[Date "2023.08.22"]
[Round "11"]
[White "Diaz Camallonga, Carles"]
[Black "Omelja, Artem"]
[Result "1-0"]
[WhiteElo "2484"]
[BlackElo "2435"]
[PlyCount "117"]
[EventDate "2023.08.22"]
[EventType "swiss (blitz)"]
[EventRounds "11"]
[EventCountry "USA"]
[SourceTitle "EXT 2024"]
[Source "ChessBase"]
[SourceDate "2023.10.10"]
[SourceVersion "1"]
[SourceVersionDate "2023.10.10"]
[SourceQuality "1"]

1. e4 c5 2. Nf3 e6 3. d4 cxd4 4. Nxd4 Nc6 5. Nb5 d6 6. c4 Nf6 7. N1c3 a6 8. Na3 Be7 9. Be2 0-0 10. 0-0 b6 11. Be3 Bb7 12. Qb3 Nd7 13. Rac1 Rb8 14. Rfd1 Qc7 15. Qc2 Nc5 16. Qd2 Rfd8 17. Nc2 Bf6 18. f3 Ne5 19. Nd4 h6 20. b4 Ncd7 21. Nd5 exd5 22. cxd5 Nc5 23. bxc5 bxc5 24. Nf5 Bc8 25. Ng3 Rb2 26. Rc2 Rxc2 27. Qxc2 Bd7 28. Nh5 Be7 29. h3 Bb5 30. f4 Nd7 31. Bf3 Nf6 32. Ng3 Re8 33. Bc1 Qd7 34. Qc3 Bf8 35. Bb2 c4 36. e5 dxe5 37. fxe5 Nh7 38. Bg4 Qa7+ 39. Kh1 a5 40. Nf5 Bb4 41. Qg3 Ng5 42. Bf3 c3 43. Bc1 Qd7 44. Qg4 c2 45. Rg1 Bc5 46. Bxg5 Rxe5 47. Bf6 g6 48. Bxe5 Qxf5 49. Qxf5 gxf5 50. Rc1 Bd3 51. Bf4 Ba3 52. Kg1 Kf8 53. Kf2 Ke7 54. Ke1 Bb4+ 55. Bd2 Ba3 56. Be2 Be4 57. Kf2 Kd6 58. Bc4 Bc5+ 59. Be3 1-0

[Event "ESP-ch Rapid"]
[Site "Linares"]
[Date "2023.08.19"]
[Round "10"]
[White "Martin Fuentes, Alberto"]
[Black "Diaz Camallonga, Carles"]
[Result "1/2-1/2"]
[WhiteElo "2388"]
[BlackElo "2484"]
[PlyCount "146"]
[EventDate "2023.08.19"]
[EventType "swiss (rapid)"]
[EventRounds "10"]
[EventCountry "ESP"]
[SourceTitle "CBM 215 Extra"]
[Source "ChessBase"]
[SourceDate "2023.09.30"]
[SourceVersion "1"]
[SourceVersionDate "2023.09.30"]
[SourceQuality "1"]

1. e4 e6 2. d4 d5 3. Nd2 c5 4. exd5 Qxd5 5. Ngf3 cxd4 6. Bc4 Qd6 7. 0-0 Nf6 8. Nb3 Nc6 9. Nfxd4 Nxd4 10. Qxd4 Qxd4 11. Nxd4 Bd7 12. Be2 Bc5 13. Nb3 Bb6 14. a4 a6 15. Nd2 Bc6 16. Nc4 Bc7 17. Be3 0-0 18. Nb6 Rad8 19. a5 Nd5 20. Nxd5 Rxd5 21. b4 Be5 22. c4 Rd7 23. Ra3 Be4 24. f3 Bg6 25. f4 Bd4 26. Bf3 Bxe3+ 27. Rxe3 Rc8 28. Rc1 Rcc7 29. Rec3 Kf8 30. h4 h6 31. Kf2 Rd2+ 32. Ke3 Rb2 33. h5 Bh7 34. c5 Rxb4 35. c6 b6 36. axb6 Rxb6 37. Ra3 Ke7 38. Rca1 Ra7 39. Rc3 Rc7 40. Kd4 Kd6 41. Kc4 Bb1 42. Raa3 f5 43. Kd4 Be4 44. Bxe4 fxe4 45. Kxe4 Rcxc6 46. Rxc6+ Rxc6 47. Ra5 Kc7 48. Ra3 Kb6 49. Rb3+ Kc7 50. Rg3 Kb6 51. Rxg7 a5 52. Rg8 a4 53. Ra8 Kb5 54. g4 Rc5 55. g5 hxg5 56. h6 gxf4 57. h7 Rh5 58. h8Q Rxh8 59. Rxh8 Kc4 60. Rc8+ Kb3 61. Kd3 e5 62. Rb8+ Ka2 63. Kc2 a3 64. Re8 f3 65. Kc1 e4 66. Rxe4 f2 67. Re2+ Ka1 68. Rxf2 a2 69. Kd2 Kb2 70. Kd3+ Kb1 71. Rf1+ Kb2 72. Rf2+ Kb1 73. Rf1+ Kb2 1/2-1/2

[Event "ESP-chT CECLUB Div2"]
[Site "Linares"]
[Date "2023.08.17"]
[Round "6.36"]
[White "Diaz Camallonga, Carles"]
[Black "Martin Fuentes, Alberto"]
[Result "1-0"]
[WhiteElo "2484"]
[BlackElo "2388"]
[PlyCount "101"]
[EventDate "2023.08.13"]
[EventType "team-swiss"]
[EventRounds "7"]
[EventCountry "ESP"]
[SourceTitle "EXT 2024"]
[Source "ChessBase"]
[SourceDate "2023.10.10"]
[SourceVersion "1"]
[SourceVersionDate "2023.10.10"]
[SourceQuality "1"]
[WhiteTeam "Colon Sabadell Chessy"]
[BlackTeam "Solvay II"]
[WhiteTeamCountry "ESP"]
[BlackTeamCountry "ESP"]

1. Nf3 Nf6 2. c4 g6 3. d4 d5 4. g3 Bg7 5. Bg2 0-0 6. 0-0 dxc4 7. Na3 Nc6 8. Nxc4 Be6 9. b3 Bd5 10. Bb2 a5 11. Rc1 a4 12. bxa4 Ra6 13. Ne3 Be4 14. Ne5 Bxg2 15. Kxg2 Qa8 16. Nxc6 bxc6 17. Rc4 c5+ 18. Kg1 cxd4 19. Bxd4 Nd5 20. Bc5 c6 21. Qc2 h5 22. Rb1 Bf6 23. Qb3 Qc8 24. Nc2 Qe6 25. e4 Nc7 26. Rb4 Qh3 27. Qc4 Raa8 28. Be3 Ne6 29. Qf1 Qxf1+ 30. Kxf1 Ra6 31. f4 c5 32. Rc4 Rfa8 33. f5 gxf5 34. exf5 Nd4 35. Nxd4 cxd4 36. Bxd4 Bxd4 37. Rxd4 Rxa4 38. Rxa4 Rxa4 39. Rb2 Ra5 40. Rf2 Kg7 41. Ke1 Kf6 42. Kd1 Kg5 43. Kc1 Rxf5 44. h4+ Kg4 45. Rxf5 Kxf5 46. a4 Ke4 47. a5 Kd5 48. a6 Kc6 49. a7 Kb7 50. g4 hxg4 51. Kd2 1-0

[Event "ESP-chT CECLUB Div2"]
[Site "Linares"]
[Date "2023.08.15"]
[Round "3.1"]
[White "Diaz Camallonga, Carles"]
[Black "Iturrizaga Bonelli, Eduardo"]
[Result "1/2-1/2"]
[WhiteElo "2484"]
[BlackElo "2617"]
[PlyCount "240"]
[EventDate "2023.08.13"]
[EventType "team-swiss"]
[EventRounds "7"]
[EventCountry "ESP"]
[SourceTitle "EXT 2024"]
[Source "ChessBase"]
[SourceDate "2023.10.10"]
[SourceVersion "1"]
[SourceVersionDate "2023.10.10"]
[SourceQuality "1"]
[WhiteTeam "Colon Sabadell Chessy"]
[BlackTeam "Filantropos Equigoma"]
[WhiteTeamCountry "ESP"]
[BlackTeamCountry "ESP"]

1. d4 Nf6 2. Nf3 e6 3. c4 d5 4. g3 Bb4+ 5. Bd2 Be7 6. Bg2 c6 7. 0-0 Ne4 8. Bc3 0-0 9. Nbd2 Nxc3 10. bxc3 Nd7 11. Qa4 Qc7 12. Rfc1 dxc4 13. Qxc4 b6 14. Ne1 Bb7 15. Nd3 Rac8 16. Qa4 a6 17. Rab1 c5 18. Bxb7 Qxb7 19. Qb3 Rfd8 20. a4 Qc6 21. Qc4 Qa8 22. Qa2 h5 23. Nf4 Bg5 24. Nxh5 g6 25. Nf4 Bxf4 26. gxf4 Nf6 27. Nf3 Qe4 28. Qd2 Nh5 29. Qe3 Qf5 30. Qe5 Qg4+ 31. Kh1 Rd5 32. Qe4 Qxf4 33. Qxf4 Nxf4 34. e3 Nd3 35. Rf1 Rc6 36. Kg2 c4 37. Ra1 Ra5 38. Rfb1 Kg7 39. Kf1 Rf5 40. Ke2 e5 41. dxe5 Re6 42. Rg1 b5 43. axb5 axb5 44. Ra5 Rh5 45. Rb1 g5 46. h3 Kg6 47. Rg1 Nxe5 48. Nd4 Rb6 49. f4 Nd3 50. h4 b4 51. Rgxg5+ Rxg5 52. Rxg5+ Kf6 53. cxb4 Rxb4 54. Kd2 Rb1 55. Ra5 Nf2 56. Ra6+ Kg7 57. Kc2 Rh1 58. Nf5+ Kh7 59. Rh6+ Kg8 60. Rc6 Nd3 61. Kd2 Ne1 62. Rxc4 Nf3+ 63. Ke2 Nxh4 64. Rc8+ Kh7 65. Nd6 f5 66. Rc6 Rh2+ 67. Kd3 Ra2 68. Nc4 Kg7 69. Kd4 Ng6 70. Rb6 Rf2 71. Nd6 Nxf4 72. exf4 Rxf4+ 73. Ke5 Ra4 74. Nxf5+ Kh7 75. Rb7+ Kg6 76. Rg7+ Kh5 77. Nd6 Kh4 78. Ne4 Ra5+ 79. Kf4 Kh5 80. Rg1 Kh6 81. Nd6 Ra4+ 82. Kf5 Ra5+ 83. Kf6 Kh5 84. Nf7 Kh4 85. Ne5 Kh3 86. Kf5 Ra8 87. Nd3 Ra5+ 88. Kf4 Ra4+ 89. Kf3 Kh4 90. Rg8 Kh5 91. Nf4+ Kh6 92. Kg4 Kh7 93. Rg5 Ra1 94. Rb5 Kg7 95. Kg5 Kf7 96. Rb7+ Ke8 97. Kf6 Kd8 98. Nd5 Re1 99. Nb6 Rf1+ 100. Ke6 Re1+ 101. Kd6 Ke8 102. Nd7 Rd1+ 103. Ke6 Kd8 104. Ne5 Kc8 105. Rh7 Re1 106. Rh3 Kc7 107. Rc3+ Kb6 108. Kd6 Rd1+ 109. Nd3 Rh1 110. Rb3+ Ka5 111. Ne5 Ka4 112. Rb8 Rh6+ 113. Kd5 Rh5 114. Kd4 Rh4+ 115. Kc5 Rh5 116. Rb4+ Ka3 117. Re4 Kb3 118. Re3+ Kc2 119. Kb4 Rh4+ 120. Nc4 Rh8 1/2-1/2

[Event "Catalunya-chT Gp2"]
[Site "Barcelona"]
[Date "2023.01.21"]
[Round "?"]
[White "Glek, Igor Vladimirovich"]
[Black "Diaz Camallonga, Carles"]
[Result "1/2-1/2"]
[WhiteElo "2442"]
[BlackElo "2467"]
[PlyCount "66"]
[EventDate "2023.01.21"]
[EventType "team-tourn"]
[EventRounds "7"]
[EventCountry "ESP"]
[SourceTitle "CBM 212 Extra"]
[Source "ChessBase"]
[SourceDate "2023.03.31"]
[SourceVersion "1"]
[SourceVersionDate "2023.03.31"]
[SourceQuality "1"]
[WhiteTeam "Olot"]
[BlackTeam "Colon Sabadell"]
[WhiteTeamCountry "ESP"]
[BlackTeamCountry "ESP"]

1. e4 e6 2. d3 d5 3. Qe2 Nc6 4. Nf3 e5 5. exd5 Qxd5 6. Nc3 Bb4 7. Bd2 Bxc3 8. Bxc3 Bg4 9. h3 Bxf3 10. Qxf3 Qxf3 11. gxf3 Nd4 12. 0-0-0 0-0-0 13. Rg1 g6 14. f4 exf4 15. Rg4 Nh6 16. Rxf4 Nhf5 17. Re1 Rhe8 18. Rfe4 Re6 19. Bg2 Rde8 20. Kd1 Nb5 21. Bd2 Nbd6 22. Rxe6 fxe6 23. f4 Kd7 24. b4 Rf8 25. a4 c6 26. Re5 Ne7 27. c4 a6 28. Kc2 Nef5 29. Kc3 Ng7 30. Bf3 Ngf5 31. Re1 Nh4 32. Bh1 Nhf5 33. Rg1 Ng7 1/2-1/2

[Event "Catalunya-ch"]
[Site "Llinars del Valles"]
[Date "2022.10.29"]
[Round "3"]
[White "Aroshidze, Levan"]
[Black "Diaz Camallonga, Carles"]
[Result "1-0"]
[WhiteElo "2519"]
[BlackElo "2474"]
[PlyCount "55"]
[EventDate "2022.10.28"]
[EventType "tourn"]
[EventRounds "7"]
[EventCountry "ESP"]
[EventCategory "10"]
[SourceTitle "EXT 2024"]
[Source "ChessBase"]
[SourceDate "2023.10.10"]
[SourceVersion "1"]
[SourceVersionDate "2023.10.10"]
[SourceQuality "1"]

1. e4 c5 2. Nf3 Nc6 3. Bb5 e6 4. 0-0 Nge7 5. d4 cxd4 6. Nxd4 Qb6 7. Nxc6 Nxc6 8. Nc3 Be7 9. Be3 Qc7 10. f4 d6 11. Kh1 a6 12. Bd3 Rb8 13. Qh5 Qa5 14. Qg4 g6 15. Qg3 Qh5 16. Be2 Qh4 17. Qxh4 Bxh4 18. Rad1 0-0 19. Rxd6 Be7 20. Rd2 b5 21. e5 Bb7 22. Rd7 Rfd8 23. Rfd1 Kf8 24. Ne4 Nb4 25. Rxd8+ Rxd8 26. Rxd8+ Bxd8 27. Bc5+ Be7 28. Nd6 1-0

[Event "Catalunya-chT Gp2"]
[Site "Barcelona"]
[Date "2022.02.26"]
[Round "6.4"]
[White "Vehi Bach, Victor Manuel"]
[Black "Diaz Camallonga, Carles"]
[Result "0-1"]
[WhiteElo "2294"]
[BlackElo "2463"]
[PlyCount "78"]
[EventDate "2022.01.22"]
[EventType "team-tourn"]
[EventRounds "9"]
[EventCountry "ESP"]
[SourceTitle "CBM 208 Extra"]
[Source "ChessBase"]
[SourceDate "2022.07.31"]
[SourceVersion "1"]
[SourceVersionDate "2022.07.31"]
[SourceQuality "1"]
[WhiteTeam "Valls"]
[BlackTeam "Colon Sabadell"]
[WhiteTeamCountry "ESP"]
[BlackTeamCountry "ESP"]

1. e4 e6 2. d4 d5 3. Nc3 Bb4 4. e5 c5 5. a3 Bxc3+ 6. bxc3 Qc7 7. Qg4 f6 8. Nf3 c4 9. Qg3 Qf7 10. Be2 Nc6 11. 0-0 Nge7 12. exf6 gxf6 13. Nh4 Rg8 14. Qd6 Bd7 15. Bf4 Rd8 16. Bg3 e5 17. dxe5 Bg4 18. Bxg4 Rxd6 19. exd6 Rxg4 20. dxe7 Qh5 21. Nf3 Re4 22. Rfe1 Kxe7 23. Rxe4+ dxe4 24. Re1 Qd5 25. Bf4 Kf7 26. Nd2 f5 27. g4 Ne5 28. Bxe5 Qxd2 29. Kf1 Qd5 30. Bd4 fxg4 31. Bxa7 Qe5 32. Rb1 b5 33. Kg1 h5 34. Bd4 Qf5 35. Kf1 h4 36. Ke1 Ke6 37. Rb4 Qf4 38. Rxb5 Qxh2 39. a4 h3 0-1

[Event "Titled Tuesday intern op 04th Jan"]
[Site "Chess.com INT"]
[Date "2022.01.04"]
[Round "11"]
[White "Diaz Camallonga, Carles"]
[Black "Jary, Sergey"]
[Result "0-1"]
[WhiteElo "2463"]
[BlackElo "2275"]
[PlyCount "112"]
[EventDate "2022.01.04"]
[EventType "swiss (blitz)"]
[EventRounds "11"]
[EventCountry "USA"]
[SourceTitle "EXT 2023"]
[Source "ChessBase"]
[SourceDate "2022.10.05"]
[SourceVersion "1"]
[SourceVersionDate "2022.10.05"]
[SourceQuality "1"]

1. e4 c5 2. Nf3 Nc6 3. d4 cxd4 4. Nxd4 g6 5. c4 Nf6 6. Nc3 d6 7. Be2 Nxd4 8. Qxd4 Bg7 9. Be3 0-0 10. Qd2 Be6 11. f3 Qa5 12. Rc1 Rfc8 13. b3 a6 14. Na4 Qxd2+ 15. Kxd2 Nd7 16. g4 Rab8 17. Nb6 Nxb6 18. Bxb6 Rc6 19. Be3 Rbc8 20. a4 Bb2 21. Rb1 Ba3 22. h4 Bb4+ 23. Kd1 f6 24. Bd3 Bc5 25. Bd2 Bd4 26. Ke2 b6 27. a5 bxa5 28. Bxa5 Kg7 29. Rhc1 Rb8 30. Bd2 h6 31. b4 Rcb6 32. Rb3 Bc5 33. Rcb1 Kf7 34. Kd1 a5 35. b5 a4 36. R3b2 a3 37. Ra2 g5 38. h5 Rxb5 39. Rxb5 Rxb5 40. Rxa3 Rb8 41. Ra2 Rc8 42. Bc3 Be3 43. Ra4 Bg1 44. Kc2 Kf8 45. Rb4 Ra8 46. Kb2 Bd7 47. Rb7 Bc6 48. Rc7 Rb8+ 49. Kc2 Ba4+ 50. Kd2 Bb6 51. Bxf6 Bxc7 52. Bc3 Bc6 53. Ke3 Bb6+ 54. Kd2 Bc5 55. e5 dxe5 56. Bxe5 Bd6 0-1

[Event "Titled Tuesday intern op 04th Jan"]
[Site "Chess.com INT"]
[Date "2022.01.04"]
[Round "7"]
[White "Diaz Camallonga, Carles"]
[Black "Kalashian, David"]
[Result "0-1"]
[WhiteElo "2463"]
[BlackElo "2398"]
[PlyCount "58"]
[EventDate "2022.01.04"]
[EventType "swiss (blitz)"]
[EventRounds "11"]
[EventCountry "USA"]
[SourceTitle "EXT 2023"]
[Source "ChessBase"]
[SourceDate "2022.10.05"]
[SourceVersion "1"]
[SourceVersionDate "2022.10.05"]
[SourceQuality "1"]

1. e4 c6 2. Nc3 g6 3. d4 Bg7 4. Nf3 d6 5. h3 Nf6 6. a4 0-0 7. Be3 Nbd7 8. Be2 e5 9. dxe5 dxe5 10. 0-0 Qe7 11. Bc4 Nc5 12. Nd2 Rd8 13. Qb1 Nh5 14. Qa2 Ne6 15. Rad1 Nd4 16. Nb3 Be6 17. Bxe6 Qxe6 18. Rd2 Rd6 19. Rfd1 Rad8 20. Nc5 Qe7 21. b4 Nf4 22. Bxd4 Rxd4 23. Rxd4 exd4 24. Nb1 Qg5 25. g3 Nxh3+ 26. Kg2 Nf4+ 27. Kg1 Qg4 28. Re1 Nh3+ 29. Kg2 Ng5 0-1

[Event "Titled Tuesday intern op 04th Jan"]
[Site "Chess.com INT"]
[Date "2022.01.04"]
[Round "8"]
[White "Odegov, Artem"]
[Black "Diaz Camallonga, Carles"]
[Result "0-1"]
[WhiteElo "2286"]
[BlackElo "2463"]
[PlyCount "94"]
[EventDate "2022.01.04"]
[EventType "swiss (blitz)"]
[EventRounds "11"]
[EventCountry "USA"]
[SourceTitle "EXT 2023"]
[Source "ChessBase"]
[SourceDate "2022.10.05"]
[SourceVersion "1"]
[SourceVersionDate "2022.10.05"]
[SourceQuality "1"]

1. d4 e6 2. c4 Nf6 3. Nf3 d5 4. Nc3 Be7 5. Bg5 h6 6. Bxf6 Bxf6 7. e3 0-0 8. Qc2 c5 9. 0-0-0 cxd4 10. Nxd4 Nc6 11. Be2 Nxd4 12. exd4 dxc4 13. Kb1 Qa5 14. Bxc4 Bd7 15. Ne4 Be7 16. d5 Rac8 17. d6 Bd8 18. Qe2 Bc6 19. Rc1 Bb6 20. Rc2 Rcd8 21. Rd1 Qe5 22. Bd3 f5 23. Nc3 Qxe2 24. Bxe2 Bxg2 25. Bc4 Rf6 26. Re1 Kf7 27. Rd2 Bc6 28. f4 Bc5 29. Red1 Be3 30. Re2 Bxf4 31. Nb5 a6 32. Nc7 Be4+ 33. Ka1 Rxd6 34. Rf1 Be5 35. Nxe6 Rdxe6 36. Bxe6+ Kxe6 37. Rd1 Rf7 38. Red2 Rc7 39. a4 Rc4 40. Ka2 Rxa4+ 41. Kb3 b5 42. h4 Rc4 43. h5 Rc6 44. Rd8 a5 45. Re8+ Kf6 46. Rf8+ Ke7 47. Rdd8 Bd6 0-1

[Event "Titled Tuesday intern op 21st Dec"]
[Site "Chess.com INT"]
[Date "2021.12.21"]
[Round "5"]
[White "Diaz Camallonga, Carles"]
[Black "Karacsonyi, Gellert"]
[Result "1/2-1/2"]
[WhiteElo "2463"]
[BlackElo "2348"]
[PlyCount "116"]
[EventDate "2021.12.21"]
[EventType "swiss (blitz)"]
[EventRounds "11"]
[EventCountry "USA"]
[SourceTitle "CBM 205 Extra"]
[Source "ChessBase"]
[SourceDate "2022.01.31"]
[SourceVersion "1"]
[SourceVersionDate "2022.01.31"]
[SourceQuality "1"]

1. e4 c5 2. Nf3 Nc6 3. d4 cxd4 4. Nxd4 g6 5. c4 Nf6 6. Nc3 d6 7. Be2 Nxd4 8. Qxd4 Bg7 9. Be3 0-0 10. Qd2 a5 11. f3 a4 12. Rc1 Qa5 13. Kf2 Bd7 14. Nd5 Nxd5 15. Qxa5 Rxa5 16. cxd5 Raa8 17. Rc7 Rfd8 18. Bb6 Bxb2 19. Rc2 a3 20. Bxd8 Rxd8 21. Ke3 Kf8 22. Rc7 b6 23. Rd1 Ke8 24. Rd3 Rb8 25. Rb3 Kd8 26. Ra7 b5 27. Kd2 b4 28. Bc4 Bc3+ 29. Kd3 Rc8 30. f4 Bg4 31. Ba6 Rb8 32. Rb7 Ra8 33. Bc4 Rc8 34. R3xb4 Bxb4 35. Rxb4 Ra8 36. h3 Bd7 37. Kc3 Kc7 38. Kb3 h6 39. h4 g5 40. hxg5 hxg5 41. g3 gxf4 42. gxf4 f6 43. f5 Be8 44. Bb5 Bh5 45. Bc6 Bd1+ 46. Kc3 Rb8 47. Rxb8 Kxb8 48. Kb4 Bf3 49. Bd7 Bxe4 50. Be6 Kc7 51. Kxa3 Kb6 52. Kb4 Bd3 53. a4 Ka6 54. a5 Be4 55. Bc8+ Ka7 56. Be6 Ka6 57. Ka4 Bc2+ 58. Kb4 Be4 1/2-1/2

[Event "Titled Tuesday intern op 21st Dec"]
[Site "Chess.com INT"]
[Date "2021.12.21"]
[Round "7"]
[White "Diaz Camallonga, Carles"]
[Black "Narayanan, Sunilduth Lyna"]
[Result "1-0"]
[WhiteElo "2463"]
[BlackElo "2658"]
[PlyCount "77"]
[EventDate "2021.12.21"]
[EventType "swiss (blitz)"]
[EventRounds "11"]
[EventCountry "USA"]
[SourceTitle "CBM 205 Extra"]
[Source "ChessBase"]
[SourceDate "2022.01.31"]
[SourceVersion "1"]
[SourceVersionDate "2022.01.31"]
[SourceQuality "1"]

1. d4 Nf6 2. Nf3 d5 3. c4 c6 4. e3 Bf5 5. Nc3 e6 6. Nh4 Be4 7. f3 Bg6 8. Qb3 Qc7 9. Nxg6 hxg6 10. Bd2 Nbd7 11. 0-0-0 a6 12. Kb1 dxc4 13. Bxc4 b5 14. Be2 c5 15. dxc5 Bxc5 16. Bc1 0-0 17. g4 Bb6 18. g5 Nc5 19. Qc2 Nfd7 20. Ne4 Rfc8 21. Nd6 Rcb8 22. h4 Ne5 23. h5 Rd8 24. Ne4 Rxd1 25. Bxd1 Nxe4 26. Qxe4 Rc8 27. Bc2 gxh5 28. Rxh5 Ng6 29. Rh1 a5 30. f4 a4 31. Bd3 Qd7 32. Be2 a3 33. Qb4 axb2 34. Qxb2 Ne7 35. Bxb5 Qc7 36. a4 Nd5 37. Qh2 Nc3+ 38. Ka1 Nxb5 39. Qh8# 1-0

[Event "Titled Tuesday intern op 21st Dec"]
[Site "Chess.com INT"]
[Date "2021.12.21"]
[Round "10"]
[White "Diaz Camallonga, Carles"]
[Black "Rozhkov, Viacheslav"]
[Result "1-0"]
[WhiteElo "2463"]
[BlackElo "2248"]
[PlyCount "79"]
[EventDate "2021.12.21"]
[EventType "swiss (blitz)"]
[EventRounds "11"]
[EventCountry "USA"]
[SourceTitle "CBM 205 Extra"]
[Source "ChessBase"]
[SourceDate "2022.01.31"]
[SourceVersion "1"]
[SourceVersionDate "2022.01.31"]
[SourceQuality "1"]

1. e4 c5 2. Nf3 d6 3. Bb5+ Nd7 4. d4 cxd4 5. Qxd4 a6 6. Bxd7+ Bxd7 7. c4 e5 8. Qd3 h6 9. Nc3 Rc8 10. a4 Be6 11. b3 Nf6 12. 0-0 Be7 13. Rd1 0-0 14. Ba3 Rc6 15. Nxe5 dxe5 16. Qxd8 Bxd8 17. Bxf8 Ba5 18. b4 Kxf8 19. bxa5 Rxc4 20. Rdc1 Nxe4 21. Nxe4 Rxe4 22. Rc7 Bd5 23. Rd1 Rxa4 24. f3 Rxa5 25. Rd7 Bc6 26. Rc7 g6 27. h4 h5 28. Kf2 Ra2+ 29. Kg3 a5 30. Re1 e4 31. fxe4 a4 32. Rf1 a3 33. Rfxf7+ Ke8 34. Rh7 Kd8 35. Rcg7 Re2 36. Rh8+ Be8 37. Rxb7 a2 38. Ra7 Re3+ 39. Kf4 Rxe4+ 40. Kxe4 1-0

[Event "Titled Tuesday intern op 21st Dec"]
[Site "Chess.com INT"]
[Date "2021.12.21"]
[Round "6"]
[White "Hamley, Ryan"]
[Black "Diaz Camallonga, Carles"]
[Result "0-1"]
[WhiteElo "2077"]
[BlackElo "2463"]
[PlyCount "116"]
[EventDate "2021.12.21"]
[EventType "swiss (blitz)"]
[EventRounds "11"]
[EventCountry "USA"]
[SourceTitle "CBM 205 Extra"]
[Source "ChessBase"]
[SourceDate "2022.01.31"]
[SourceVersion "1"]
[SourceVersionDate "2022.01.31"]
[SourceQuality "1"]

1. d4 e6 2. c4 d5 3. Nf3 Nf6 4. Nc3 c6 5. e3 a6 6. b3 Bb4 7. Bd2 0-0 8. Rc1 Nbd7 9. Bd3 Bd6 10. 0-0 Qe7 11. Re1 h6 12. e4 dxc4 13. bxc4 e5 14. d5 Nc5 15. Bc2 Bg4 16. Qe2 Nfd7 17. h3 Bh5 18. Qe3 Rfd8 19. Ne2 Nb6 20. Bb1 Bg6 21. Ng3 Ncd7 22. Ba5 Bc5 23. Qb3 Rdc8 24. Qb2 Rab8 25. Red1 cxd5 26. cxd5 Na4 27. Qe2 b5 28. Bc2 Nb2 29. Rf1 Nc4 30. Bc3 Ndb6 31. Bb3 a5 32. a4 Ba3 33. Ra1 bxa4 34. Bxc4 Nxc4 35. Kh2 Rb3 36. Be1 Qd7 37. Nh4 Bd6 38. Nhf5 a3 39. Nxd6 Qxd6 40. Bd2 a4 41. Rfc1 Qa6 42. Nf1 Rb2 43. Qd1 Rcb8 44. Bc3 R2b3 45. Rcb1 Nb2 46. Bxb2 axb2 47. Ra2 a3 48. Nd2 Rd3 49. Qc2 Rd4 50. Nf3 Bxe4 51. Qc7 Bxb1 52. Qxb8+ Kh7 53. Qxe5 Bxa2 54. Qxd4 b1Q 55. Ne5 Qf5 56. f4 Bxd5 57. Qxd5 a2 58. Nxf7 Qxd5 0-1

[Event "Titled Tuesday intern op 21st Dec"]
[Site "Chess.com INT"]
[Date "2021.12.21"]
[Round "3"]
[White "Sinitsina, Anastassia"]
[Black "Diaz Camallonga, Carles"]
[Result "0-1"]
[WhiteElo "2159"]
[BlackElo "2463"]
[PlyCount "150"]
[EventDate "2021.12.21"]
[EventType "swiss (blitz)"]
[EventRounds "11"]
[EventCountry "USA"]
[SourceTitle "CBM 205 Extra"]
[Source "ChessBase"]
[SourceDate "2022.01.31"]
[SourceVersion "1"]
[SourceVersionDate "2022.01.31"]
[SourceQuality "1"]

1. Nf3 e6 2. g3 b5 3. Bg2 Bb7 4. 0-0 Nf6 5. d3 c5 6. Nbd2 d6 7. e4 Be7 8. Re1 0-0 9. Qe2 Nc6 10. c3 a5 11. Nf1 a4 12. Bf4 b4 13. a3 bxc3 14. bxc3 Na5 15. Rab1 c4 16. N3d2 cxd3 17. Qxd3 Ba6 18. Qc2 e5 19. Be3 Nc4 20. Rb4 d5 21. Rxa4 Nxa3 22. Qc1 Bxf1 23. Rxa8 Qxa8 24. Nxf1 Nxe4 25. Bxe4 dxe4 26. Nd2 Rc8 27. Qb2 Qc6 28. c4 Nxc4 29. Nxc4 Qxc4 30. Qxe5 Bf6 31. Qf5 Re8 32. Rc1 Qa4 33. Rc8 h6 34. Rxe8+ Qxe8 35. Kg2 Qe7 36. Bc5 Qc7 37. Be3 Qc6 38. h4 g6 39. Qf4 h5 40. Qb8+ Kh7 41. Qf4 Qe6 42. Qc7 Bg7 43. Bf4 Kg8 44. Qb8+ Kh7 45. Qc7 Qf5 46. Qd6 Bh6 47. Bxh6 Kxh6 48. Qd2+ Kh7 49. Qe3 Kg7 50. Qd4+ Kh7 51. Qe3 Qe5 52. Qa7 Kg7 53. Qe3 Qd5 54. Qc3+ Kh7 55. Qe3 Qe5 56. Qa7 Kg7 57. Qe3 Qf5 58. Qd4+ f6 59. Qa7+ Kh6 60. Qe3+ g5 61. hxg5+ fxg5 62. Qb6+ Qg6 63. Qd8 Qe6 64. Qd4 Kg6 65. Qe3 h4 66. gxh4 gxh4 67. Kh2 Kh5 68. Qf4 Qd5 69. Qf6 Qg5 70. Qh8+ Kg4 71. Qc3 Qf4+ 72. Kg1 Qf3 73. Qg7+ Kf4 74. Qf6+ Kg4 75. Qg7+ Kh3 0-1